Stratégie startupov: súčasná situácia a budúca predikcia

Enregistré dans:
Détails bibliographiques
Auteur principal: Procházková, Katarína, 1983-
Format: Chapitre de livre
Langue:slovaque
anglais
Sujets:
Tags: Ajouter un tag
Pas de tags, Soyez le premier à ajouter un tag!

MARC

LEADER 00000naa$a2200000$$$4500
001 0280995
005 20240502074350.2
041 0 |a slo 
041 0 |a eng 
044 |a SK 
245 1 0 |a Stratégie startupov: súčasná situácia a budúca predikcia  |c Katarína Procházková 
500 |a abstrakt 
610 2 0 |a start-up 
610 2 0 |a podnikanie 
610 2 0 |a digitalizácia 
610 2 0 |a inovácia 
610 2 0 |a marketing elektronický 
610 2 0 |a pandémia 
100 1 |a Procházková, Katarína, 1983-